000 00698cam a22002173a 4500
001 37016
003 PGUSA
005 20140828083819.0
008 110809s2011||||xxu|||||s|||||000 | eng d
040 _aPGUSA
_beng
042 _adc
100 1 _aJanet, Paul,
_d1823-1899
245 1 0 _aElements of Morals :
_bWith Special Application of the Moral Law to the Duties of the Individual and of Society and the State
_h[electronic resource] /
_cPaul Janet
260 _bProject Gutenberg,
_c2011
506 _aPublic domain in the USA.
516 _aElectronic text
700 1 _aCorson, C. R.
830 0 _aProject Gutenberg
_v37016
856 4 0 _uhttp://www.gutenberg.org/ebooks/37016
942 _cEB
999 _c266271
_d266271